Manual de primeros auxilios

Uloženo v:
Podrobná bibliografie
Korporativní autor: Cruz Roja Española
Médium: Kniha
Jazyk:španělština
Vydáno: Barcelona Grijalbo 1986
Témata:
Tagy: Přidat tag
Žádné tagy, Buďte první, kdo vytvoří štítek k tomuto záznamu!

MARC

LEADER 00000nam a2200000 a 4500
001 UCM5323
003 CL-VaPUC
005 20240819150527.0
008 021003e19860000SP |||||||||||||||||spa|d
999 |c 301456  |d 301454 
040 |c Pontificia Universidad Católica de Valparaíso 
082 0 4 |a 616.0252 CRU 1986  |2 21 
110 2 |a Cruz Roja Española  |9 471579 
245 1 0 |a Manual de primeros auxilios 
260 |a Barcelona  |b Grijalbo  |c 1986 
300 |a 224 páginas 
583 |a last modification  |c 20021003 00:00:00  |k Rodrigo Vera 
650 0 |a Primeros auxilios  |9 308210 
650 0 |a Asistencia de emergencias  |9 453426 
650 0 |a CURACION  |2 CL-VaPUC  |9 561731 
650 7 |a MEDICINA DE URGENCIAS  |2 CL-VaPUC  |9 309931 
942 |c BK  |2 ddc 
945 |d 20021003 00:00:00  |a cmena